LEADER 01321nam a2200277 4500 001 000000341957 003 CaOOAMICUS 005 20201123165150.0 008 200908s2019 it a 000 u ita r 020 $a978-88-7328-050-7 040 $aSeMil$bita 100 1 $aAllegri, Italo.$0(OLS)http://semarc/name/64000 245 13$aLa chiesa dei Santi Faustino e Giovita e il Venerato Crocifisso di Maresso /$cItalo Allegri. 264 1$aLomaniga ; Maresso ; Missaglia :$bComunità pastorale Maria SS. Regina dei Martiri,$c2019. 300 $a304 p. :$bill. ;$c30 cm 500 $aCon dedica a mons. Mario Delpini 541 0 $aFondo mons. Mario Delpini [3P V 498] 650 4$aMaresso - Chiesa dei Santi Faustino e Giovita - Venerato Crocifisso.$0(OLS)http://semarc/subject/49591 850 $aSeMil 852 $aSeMil$W1$xVenegono$y1$m3P V 498$j222554$B232994$CSeMilBibl$Z2$F232994 $81 941 1 $a7 961 $aFondo mons. Mario Delpini 996 $6020$a978-88-7328-050-7$9(OLS)http://semarc/number/291176 996 $6245$aLa chiesa dei Santi Faustino e Giovita e il Venerato Crocifisso di Maresso$9(OLS)http://semarc/title/430849 996 $6264$aLomaniga ; Maresso ; Missaglia :$bComunità pastorale Maria SS. Regina dei Martiri$9(OLS)http://semarc/publisher/59290 LEADER 01027nam a2200169 i 4500 001 000000214587 003 CaOOAMICUS 005 20120726000000.0 008 120726s1835 it u000 u ita u 013 $a193458 040 $aSeMil$bita 245 10$aChe contiene sei lettere dirette ad uno dei principali magistrati della citta di Argentina, il quale professa la confessione augustana, sopra i sei principali ostacoli alla conversione del protestanti. 300 $a509 p. 773 0 $aScheffmacher, Jean Jacques <1668-1773>$tLettere del p. G.-J. Scheffmacher della Compagnia di Gesù a un gentiluomo protestante.$b2. Ed.$dMilano : Ranieri Fanfani, 1832-1835.$g2$w()27132 850 $aSeMil 852 $aSeMil$W1$xVenegono$y1$m2B III 60 FA$j165009$B165009$CSeMilBibl$Z2$F176004 $8I 996 $6245$aChe contiene sei lettere dirette ad uno dei principali magistrati della citta di Argentina, il quale professa la confessione augustana, sopra i sei principali ostacoli alla conversione del protestanti$9(OLS)http://semarc/title/309160